=LDR 00000nam 2200000 4500 =001 INLIS000000000021909 =005 20130612120724 =008 ***********************************Ind** =035 ##$$a0010-061300000021909 =041 ##$$a Ind =082 ##$$a 657.2 =090 ##$$a 657.2, Muk-d =100 ##$$a MUKHTAR, H.Z.A =245 ##$$a dasar Akuntansi Jilid 2, H.Z.A. Moechtar =260 ##$$a 1993 $b Surabaya =300 ##$$a x, 311 hlm., ilus., 20 cm =650 ##$$a Akuntansi =850 ##$$a NBPNMAT =990 ##$$a 0001/BPAP-NTB/20142014 =990 ##$$a 0001/BPAP-NTB/20142014